[Event "Hastings Masters op 93rd"]
[Site "Hastings"]
[Date "2018.01.05"]
[Round "9"]
[White "Wilson, Matthew R"]
[Black "Munkhdemberel, Pagamdulam"]
[Result "1-0"]
[WhiteElo "1782"]
[BlackElo "1175"]
[PlyCount "99"]
[EventDate "2017.12.28"]
[EventType "swiss"]
[EventRounds "9"]
[EventCountry "ENG"]
[SourceTitle "CBM 182 Extra"]
[Source "ChessBase"]
[SourceDate "2018.02.23"]
[SourceVersion "1"]
[SourceVersionDate "2018.02.23"]
[SourceQuality "1"]

1. Nf3 Nc6 2. d4 d5 3. g3 g6 4. Bg2 Bg7 5. 0-0 Nf6 6. b3 0-0 7. Bb2 Ne4 8. Nbd2 e6 9. e3 Nxd2 10. Qxd2 f6 11. Rfd1 Qe7 12. c4 Bd7 13. Rac1 Rad8 14. a3 dxc4 15. bxc4 e5 16. d5 Bg4 17. h3 Be6 18. Qc2 Bd7 19. dxc6 Bxc6 20. Qb3 Kh8 21. Bc3 Rxd1+ 22. Rxd1 Rd8 23. Bb4 Qe8 24. Rxd8 Qxd8 25. Qc2 Qd7 26. Qd2 Qxd2 27. Nxd2 Bxg2 28. Kxg2 Kg8 29. Ne4 Kf7 30. Kf1 b6 31. Ke2 Ke6 32. Kd3 h6 33. a4 f5 34. Nc3 e4+ 35. Kc2 c6 36. Ne2 g5 37. Bc3 Bxc3 38. Kxc3 c5 39. Kb3 Ke5 40. a5 Kd6 41. Ka4 Kc6 42. Nc3 h5 43. Nd5 b5+ 44. Kb3 Kd6 45. Nf6 h4 46. gxh4 bxc4+ 47. Kxc4 gxh4 48. Nh5 a6 49. Nf4 Kc6 50. Ng6 1-0